| 000 -LEADER |
| fixed length control field |
01588cam a2200385 a 4500 |
| 001 - CONTROL NUMBER |
| control field |
1038937980004786 |
| 003 - CONTROL NUMBER IDENTIFIER |
| control field |
OSt |
| 005 - DATE AND TIME OF LATEST TRANSACTION |
| control field |
20230201111257.0 |
| 008 - FIXED-LENGTH DATA ELEMENTS--GENERAL INFORMATION |
| fixed length control field |
080926r20061958enk 000 1 eng d |
| 020 ## - INTERNATIONAL STANDARD BOOK NUMBER |
| International Standard Book Number |
0099286084 |
| Qualifying information |
(paperback) |
| 020 ## - INTERNATIONAL STANDARD BOOK NUMBER |
| International Standard Book Number |
9780099286080 |
| Qualifying information |
(paperback) |
| 035 ## - SYSTEM CONTROL NUMBER |
| System control number |
(OCoLC)271809934 |
| 035 ## - SYSTEM CONTROL NUMBER |
| System control number |
(OCoLC)ocn271809934 |
| 040 ## - CATALOGING SOURCE |
| Original cataloging agency |
AU@ |
| Language of cataloging |
eng |
| Transcribing agency |
AU@ |
| Modifying agency |
OCLCO |
| -- |
EQO |
| -- |
OCLCO |
| -- |
OCLCF |
| -- |
OCLCQ |
| -- |
AUNTL |
| -- |
ATSHR |
| -- |
DHA |
| -- |
OCLCQ |
| -- |
OCLCA |
| -- |
CNNTC |
| -- |
OCLCO |
| -- |
KH8 |
| 042 ## - AUTHENTICATION CODE |
| Authentication code |
nbic |
| 082 04 - DEWEY DECIMAL CLASSIFICATION NUMBER |
| Classification number |
FIC GRE |
| Edition number |
21 |
| 100 1# - MAIN ENTRY--PERSONAL NAME |
| Personal name |
Greene, Graham, |
| Dates associated with a name |
1904-1991. |
| Relator term |
author. |
| 245 10 - TITLE STATEMENT |
| Title |
Our man in Havana / |
| Statement of responsibility, etc. |
Graham Greene ; with an introduction by Christopher Hitchens. |
| 264 #1 - PRODUCTION, PUBLICATION, DISTRIBUTION, MANUFACTURE, AND COPYRIGHT NOTICE |
| Place of production, publication, distribution, manufacture |
London : |
| Name of producer, publisher, distributor, manufacturer |
Vintage, |
| Date of production, publication, distribution, manufacture, or copyright notice |
[2006] |
| 264 #4 - PRODUCTION, PUBLICATION, DISTRIBUTION, MANUFACTURE, AND COPYRIGHT NOTICE |
| Date of production, publication, distribution, manufacture, or copyright notice |
©2006. |
| 300 ## - PHYSICAL DESCRIPTION |
| Extent |
xix, 225 pages ; |
| Dimensions |
20 cm. |
| 336 ## - CONTENT TYPE |
| Content type term |
text |
| Content type code |
txt |
| Source |
rdacontent. |
| 337 ## - MEDIA TYPE |
| Media type term |
unmediated |
| Media type code |
n |
| Source |
rdamedia. |
| 338 ## - CARRIER TYPE |
| Carrier type term |
volume |
| Carrier type code |
nc |
| Source |
rdacarrier. |
| 490 1# - SERIES STATEMENT |
| Series statement |
Vintage classics. |
| 500 ## - GENERAL NOTE |
| General note |
"Introduction copyright © Christopher Hitchens 2006"--Title page verso. |
| 500 ## - GENERAL NOTE |
| General note |
Originally published: London : Heinemann, 1958. |
| 520 ## - SUMMARY, ETC. |
| Summary, etc. |
Wormold, a vacuum cleaner salesman, was short of money. His daughter had reached an expensive age - so he accepted Hawthorne's offer of $300-plus a month and became Agent 59200/5, MI6's man in Havana. To keep the job, he pretends to recruit sub-agents and sends fake stories. Then they come true. |
| 650 #0 - SUBJECT ADDED ENTRY--TOPICAL TERM |
| Topical term or geographic name entry element |
Humorous stories. |
| 650 #0 - SUBJECT ADDED ENTRY--TOPICAL TERM |
| Topical term or geographic name entry element |
Spy stories. |
| 650 #0 - SUBJECT ADDED ENTRY--TOPICAL TERM |
| Topical term or geographic name entry element |
Satire. |
| 700 1# - ADDED ENTRY--PERSONAL NAME |
| Personal name |
Hitchens, Christopher, |
| Relator term |
writer of introduction. |
| 830 #0 - SERIES ADDED ENTRY--UNIFORM TITLE |
| Uniform title |
Vintage classics. |
| 942 ## - ADDED ENTRY ELEMENTS (KOHA) |
| Source of classification or shelving scheme |
|
| Koha item type |
Books - Fiction |